| 000 | 01392cam a22003134a 4500 | ||
|---|---|---|---|
| 999 |
_c7081 _d7081 |
||
| 001 | 12164500 | ||
| 003 | OSt | ||
| 005 | 20210901155118.0 | ||
| 008 | 000906s2001 enka b 001 0 eng | ||
| 010 | _a 00046762 | ||
| 020 | _a0521773202 | ||
| 040 |
_aDLC _cDDC _dDLC |
||
| 042 | _apcc | ||
| 050 | 0 | 0 |
_aTA169 _b.B44 2001 |
| 082 | 0 | 0 | _a620BED2001 |
| 100 | 1 |
_aBedford,Tim; Cooke,Roger _d1946- _914579 |
|
| 245 | 1 | 0 |
_aProbabilistic risk analysis : _bfoundations and methods / _cEdited by Bedford,Tim and Cooke,Roger |
| 260 |
_aCambridge, UK ; _aNew York, NY, USA : _bCambridge University Press, _cc2001. |
||
| 300 |
_axx, 393 p. : _bill. ; _c26 cm. |
||
| 504 | _aIncludes bibliographical references (p. 373-389) and index. | ||
| 650 | 0 |
_aPhysics _9809 |
|
| 700 | 1 |
_aCooke, Roger M., _d1946- _914581 |
|
| 856 | 4 | 1 |
_3Sample text _uhttp://www.loc.gov/catdir/samples/cam033/00046762.html |
| 856 | 4 | 2 |
_3Publisher description _uhttp://www.loc.gov/catdir/description/cam021/00046762.html |
| 856 | 4 | 1 |
_3Table of contents _uhttp://www.loc.gov/catdir/toc/cam027/00046762.html |
| 906 |
_a7 _bcbc _corignew _d1 _eocip _f20 _gy-gencatlg |
||
| 942 |
_2ddc _cO_SHELF |
||